| 000 | 00778nam a2200229Ia 4500 | ||
|---|---|---|---|
| 008 | 191130s2009##################000#0#eng## | ||
| 020 | _a9780199547890 | ||
| 022 | _a2009020071 | ||
| 040 |
_aACL _cACL |
||
| 082 | _a330.153092 MCC | ||
| 100 | _aMcCormick, Ted | ||
| 245 |
_aWilliam petty and the ambitions of political arithmetic _cTed McCormick |
||
| 260 |
_aOxford _bOxford University Press _c2009 |
||
| 300 | _axv, 347 p. : ill. ; 25 cm | ||
| 500 | _aIncludes bibliographical references and index | ||
| 650 | _aEconomics - Political aspects - History - 17th century | ||
| 650 | _aGreat Britain - Politics and government - 1603-1714 | ||
| 650 | _aPetty, William, Sir, 1623-1687 | ||
| 990 | _a71b9dac4ac10000c6b4f4697e872b6b3 | ||
| 991 | _a186771 | ||
| 999 |
_c96680 _d96680 |
||